Personnalités au hasard #47 - Statistiques

Statistiques générales
  • Ce quiz a été pris 164 fois
  • Le résultat moyen est 7 sur 32
Statistiques - réponses
Par images Réponse % Correct
Diana Spencer
81%
Seb
78%
Amy Winehouse
76%
Jimi Hendrix
63%
Joséphine Baker
45%
Luciole
39%
David Schwimmer
36%
Gwyneth Paltrow
33%
Romy Schneider
33%
Elliot Page
30%
Amber Heard
23%
Steve McQueen
21%
Emma Roberts
18%
Charles Bronson
16%
Anouchka Delon
15%
Omar Sharif
12%
Humphrey Bogart
10%
404Billy
8%
Lele Pons
8%
Sharon Tate
8%
David McCallum
7%
Nicollette Sheridan
6%
Calypso Rose
5%
Jayne Mansfield
5%
John Major
5%
Thomas Bangalter
5%
Vivien Leigh
5%
Yvonne de Gaulle
5%
Natasha Richardson
2%
Ryan Murphy
2%
Sarah Vaughan
2%
Suzanne Pleshette
2%
Aucun quiz correspondant
Distribution des résultats
% des personnes avec chaque résultat
Percentile par nombre de réponses
Votre historique - résultats
Vous n’avez pas pris ce quiz